Quizzes
Events
Quiz Creation
Community
Videos
Private Events
Remove Ads
Sign In
Join for FREE
Feedback
Dark Mode
Quiz Categories
Sports
Geography
Music
Movies
Television
Just For Fun
Miscellaneous
History
Literature
Language
Science
Gaming
Entertainment
Religion
Holiday
For Kids
Quiz Lab
Recent
Popular Today
Quiz Kudos Today
Editor Picks
Curator Picks
Quizzes by...
Day
Popularity
Type
Ratings
Length
Year
Community
Subscriptions
Recent Discussions
Orange Saloon
Badges
Playlists
Quests
Create
Leaderboards
Showdown
Live 5
Trivia Bingo
Activity
Puzzle Library
Sporcle Events
Private Events
Virtual Trivia
Globe League
Become a Host
Pub Owners
SporcleCon
Opinionation
Our Games
Videos
Blog
Mobile Apps
Partnerships
Remove Ads and Go Orange
Feedback
Sports
Athletes
MLB
NBA
NHL
NFL
Soccer
Sports Teams
WWE
NCAA
Football
Premier League
Basketball
Baseball
Hockey
Golf
Tennis
Cricket
Rugby
Auto Racing
Olympics
World Cup
Sports
Athletes
MLB
NBA
NHL
NFL
Soccer
Sports Teams
WWE
NCAA
Football
Premier League
Basketball
Baseball
Hockey
Golf
Tennis
Cricket
Rugby
Auto Racing
Olympics
World Cup
Random Quiz
Search Sporcle
×
Quiz Lab
Quiz Lab
Sports
NFL
Type in answers that appear in a list
Type in answers that appear in a list
Classic
Best Score? Go Orange.
NFL Trivia Game Stats
Can you name the answers of these questions??
By
Chase11
5m
30 Questions
119 Plays
119 Plays
119 Plays
Comments
Comments
Give Quiz Kudos
Give Quiz Kudos
-
- Ratings
hide this ad
Forced Order
Answers have to be entered in order
Answers have to be entered in order
Replay
Link that replays current quiz
Next Quiz
Link to next quiz in quiz playlist
You Got
0%
They Got
Avg Score
60%
Avg Friend Score
Upgrade to see
Score Distribution
Jump to the score distribution portion of the page
Score
0/30
Timer
05:00
0
Plays Today
Question
Answer
% Correct
How many player's on each team are on the field at once?
11
94.1%
Who was the Patriots 6th round pick of the 2000 NFL draft?
Tom Brady
93.3%
What NFL team is nick-
named America's team?
Cowboys
92.4%
What was the Steelers defensive line nick-
named in the 1970's?
The Steel Curtain
85.7%
What sport did Antonio Gates first go to college for?
Basketball
78.2%
In what year did the Giants beat the undefeated Patriots in the Super Bowl.
2007-2008
78.2%
How many Super Bowl's did Dan Marino win?(Spell it out)
Zero
77.3%
What team did Adam Vinatieri play for before he went to the Colts?
Patriots
73.1%
Before Steve Young was drafted, who was the starting QB for the 49ers?
Joe Montana
69.7%
Who is on the 2012 Madden Cover?
Peyton Hillis
66.4%
Who is the NFL commissioner?
Roger Goodell
64.7%
In what year did the Texan's enter the NFL?
2002
64.7%
What retired Buccaneers defensive lineman appears on NFL network?
Warren Sapp
63.9%
What HB was nick-
named 'The Bus.'
Jerome Bettis
63.9%
Who was the Raiders 1st round, 1st pick in the 2007 NFL draft?
JaMarcus Russell
63%
Question
Answer
% Correct
In what year was Jerry Rice drafted?
1985
63%
What team did Brett Favre get drafted to?
Falcons
62.2%
What player changed his name in 2008?
Chad Johnson
62.2%
How many rushing touchdowns did LaDainian Tomlinson score in 2006?
28
58.8%
Who lead the league in rushing yards in the 2010 season?
Arian Foster
55.5%
Who was the 2 NFL kicker's to make 62 yard field goals?
Tom Dempsey and Jason Elam
53.8%
Who is the highest paid CB in the NFL?
Darrelle Revis
48.7%
How many teams did Terrell Owens play for?(Spell it out)
Five
47.9%
Who was the Chargers 1st round 2nd pick in the 1998 draft?
Ryan Leaf
44.5%
What college did Desean Jackson go to?
California
43.7%
Who started the 1st game of the 2010 regular season at QB for the Steelers?
Dennis Dixon
37.8%
How many sack's did Reggie White have in his career?
198
31.9%
Who holds the record of most interception's in a career?
Paul Krause
31.1%
How many consecutive starts did Brett Favre have?
297
31.1%
How many rushing yards did Eric Dickerson have when he broke the record?
2,105
25.2%
Quiz Playlist
Details
Report
Send in Message
Add To Playlist
Classic:
Type in answers that appear in a list
Forced Order:
Answers have to be entered in order
Last Updated: Feb 16, 2017
Quiz Scoreboard
CHALLENGE
Sign Up to Join the Scoreboard
Show All
Scores
Hide
Comments
May contain spoilers
Recently Published
Movies - When Are They Set?
by FPL_Elf
Movies
5m
Popular People in 1961
by mucciniale
History
6m
1-10 Letter E Words III
by El_Dandy
Language
2m
More to Explore
Quiz From the Vault
Featured Blog Post
Where Did the Easter Bunny Come From?
hide this ad
You Might Also Like...
Tags
NFL Quiz
Player
Today's Top Quizzes in Sports
Browse Sports
hide this ad
Today's Top Quizzes in NFL
Browse NFL
Top Contributed Quizzes in Sports
1
Les meilleurs buteurs des matchs entre le PSG et l’OM
2
FIFA Club World Cup Champions
3
Les entraîneurs de l'OM et du PSG au 21e siècle
4
2022 World Cup Stars
5
Name the Premier League winners with different clubs
6
La finale Lions - Afrique du Sud 2021
7
Criteria MLB: Left Handed Sluggers
8
Les joueurs passés par le LOSC et le RC Lens
9
Players with Multiple 50 Home Run Seasons
10
MLB Players with Two .350 Batting Average Seasons
Explore More
Trending Topics
Anime
Harry Potter
Marvel
Kpop
NBA
Crossword
Disney
Country
WWE
Soccer
Puzzle
NFL
Pokémon
Song
The Office
hide this ad
More By:
Chase11
Quiz
Plays
Rating
Category
Featured
Created
Top ten shoe brands
559
3.20
Miscellaneous
Jun 25, 2011
NBA All-time Records
526
3.00
Sports
Mar 21, 2011
Superbowl Winners
201
1.00
Sports
Jul 13, 2011
MLB All-time Record Holders
190
2.80
Sports
Mar 21, 2011
Eagles QB's 2000-2010
190
2.50
Sports
Mar 23, 2011
Go to Creator's Profile
Score Distribution
Quiz Creator Spotlight
Chase11
Follow
Send a Message
Quizzes Created
-
Created Quiz Play Count
-
More By This Creator
Popular Quizzes Today
1
Find the Countries of Europe - No Outlines Minefield
2
Find the US States - No Outlines Minefield
3
The Countries of the World
4
Popular People in 1961
5
1-10 Letter E Words III
6
US States
7
Find the US States
8
One Thing in Common: World Cities II
More Sports Quizzes
Which Kansas City Sports Team?
Quiz Lab
Trending Quizzes
Risky Map Clicking: Least Populous States A-Z
Humor Books: The Subtitles
1-10 Letter F Words
1-10 Letter G Words
One Thing in Common: United Kingdom
Recently Updated
Leaping Animals
pecheneg
Reality TV Shows (A-Z)
bhenderson79
Rickey Henderson's Hall of Fame Teammates
pecheneg
Champions League XIs: Arsenal
pecheneg
Quick Pick: Celebrities in WWE's Hall of Fame
aduchscher
A-Z Keypad Blitz II
pecheneg
Multiple Oscar Actors
pecheneg
Mystery Phrase Blitz: Oscar 'Best Actors'
pecheneg
F. Scott Fitzgerald Novels
LTH
Pick 3 Villains
ddd62291
Trending Topics
Harry Potter
Kpop
Crossword
Marvel
Disney
Anime
NBA
Pokémon
WWE
NFL
Song
Soccer
Puzzle
Country
The Office
Your Account Isn't Verified!
In order to create a playlist on Sporcle, you need to verify the email address you used during registration. Go to your
Sporcle Settings
to finish the process.
Report this User
Report this user for behavior that violates our
Community Guidelines
.
Details:
Send Report
Go to the Sporcle.com Mobile Site →
Comments